01346nam a2200325Ia 450000500170000000800410001702000150005808200170007310000390009024500550012925000190018430000520020349000290025550000350028450400270031960000690034665000300041565100430044565100410048870000460052994200120057526400340058733600270062133700330064833800280068104000350070999900150074495201330075995201280089220220317000749.0160601s2005 ck a g 000 0 spa  a958301354404a923.1 bC17r1 aReyes Posada, Carlos Joséd1941-10aCarlos V bdueño del mundo cCarlos José Reyes a1a. edición  a170 páginas bilustraciones en color c22 cm  a100 personajes aAutores aCronología a final del texto aIncluye bibliografía14aCarlos V, Emperador de Alemaniad1500-1558vBiografías 954225142LEMB aReyes y soberanos  4aAlemania xHistoria ySiglo XVI954227 4aEuropa xHistoria ySiglo XVI954228 aMahecha López, Javier Heeditor 954229 2ddccBK aBogotá bPanamericanac2005 atextobtxt2rdacontent asin mediaciónbn2rdamedia avolumenbnc2rdacarrier aCO-BoRNBPbspaerdacCO-BoRNBP c4990d4990 00102ddc40708GENaMEMAPIRIbMEMAPIRIcGENd2024-01-10l0o923.1 C17rpMAP00001581r2024-01-10 19:30:28tEj.1w2024-01-10yBK 00102ddc40708GENaMEURIBEbMEURIBEcGENd2024-08-20l0o923.1 C17rpURI01223r2024-08-20 16:37:38tEj.1w2024-08-20yBK